Lectores 1 : libro de lectoescritura inicial /

Guardado en:
Autor Principal: Lotito, Liliana
Otros Autores: Zerbi de Troisi, María Rosario
Formato: Libro
Publicado: Buenos Aires : El Ateneo, 1995
Materias:
Etiquetas: Agregar Etiqueta
Sin Etiquetas, Sea el primero en etiquetar este registro!
LEADER 00759nam a22002295a 4500
001 CEM.cems012450
005 20070418162103.0
008 130507s1995##################000#0#####d
003 CEMS
020 |a 9500273616 
082 0 4 |a 372.41 
100 1 |a Lotito, Liliana 
245 1 0 |a Lectores 1 :  |b libro de lectoescritura inicial /  |c Liliana Lotito y María Rosario Zerbi de Troisi 
260 |a Buenos Aires :  |b  El Ateneo,  |c 1995 
300 |a 168 p. 
500 |a Libro de lectoescritura inicial 
653 |a Biblioteca maría de los Ángeles saggio 
653 |a Lengua-1° egb 
653 |a Lengua-libro de lectura 
653 |a Educación primaria 
700 1 |a Zerbi de Troisi, María Rosario 
859 |a CEMS  |b BIB. CEMS - 11 de abril  |h 372.41  |i L895-1  |p 23737.07  |t Ej.1